000 00597cam a22001931 4500
082 _a671.52
_bHIL
_cL-24, P-22
100 1 _aHilton, B. Richard.
_944944
245 0 0 _aWelding design and processes.
260 _aLondon,
_bChapman & Hall,
_c1950.
300 _a342 p.
_billus.
_c23 cm.
526 _a0
_b0
_c0
_d671_520000000000000_HIL
526 _a0
_b0
_c0
_d671_520000000000000_HIL
526 _a0
_b0
_c0
_d671_520000000000000_HIL
526 _a0
_b0
_c0
_d671_520000000000000_HIL
526 _a0
_b0
_c0
_d671_520000000000000_HIL
650 0 _aMCE
_9379
650 0 _aWelding.
_9189
942 _2ddc
_cBK
999 _c548589
_d548589